Laboratory Anatomy of the Vertebrates (Record no. 6077)

MARC details
000 -LEADER
fixed length control field 00973nam a2200289 a 4500
001 - CONTROL NUMBER
control field 2507398
003 - CONTROL NUMBER IDENTIFIER
control field OSt
005 - DATE AND TIME OF LATEST TRANSACTION
control field 20240229120731.0
008 - FIXED-LENGTH DATA ELEMENTS--GENERAL INFORMATION
fixed length control field 920220s1993 iaua bf 001 0 eng
010 ## - LIBRARY OF CONGRESS CONTROL NUMBER
LC control number 92070351
020 ## - INTERNATIONAL STANDARD BOOK NUMBER
International Standard Book Number 0697101606
040 ## - CATALOGING SOURCE
Transcribing agency DDC
050 00 - LIBRARY OF CONGRESS CALL NUMBER
Classification number QL812
Item number .C48 1993
082 00 - DEWEY DECIMAL CLASSIFICATION NUMBER
Classification number 596 CHI 1993
100 1# - MAIN ENTRY--PERSONAL NAME
Personal name Chiasson, Robert B.; Radke, William J.
9 (RLIN) 12577
245 10 - TITLE STATEMENT
Title Laboratory Anatomy of the Vertebrates
260 ## - PUBLICATION, DISTRIBUTION, ETC. (IMPRINT)
Place of publication, distribution, etc. Dubuque, Iowa :
Name of publisher, distributor, etc. W.C. Brown Publishers,
Date of publication, distribution, etc. c1993.
300 ## - PHYSICAL DESCRIPTION
Extent xv, 224 p. :
Other physical details ill. ;
Dimensions 28 cm.
440 #0 - SERIES STATEMENT/ADDED ENTRY--TITLE
Title Laboratory anatomy series
9 (RLIN) 12578
504 ## - BIBLIOGRAPHY, ETC. NOTE
Bibliography, etc Includes bibliographical references (p. 205-210) and index.
650 #0 - SUBJECT ADDED ENTRY--TOPICAL TERM
Topical term or geographic name as entry element Vertebrates anatomy
9 (RLIN) 12579
650 #0 - SUBJECT ADDED ENTRY--TOPICAL TERM
General subdivision Laboratory manuals.
9 (RLIN) 12580
740 0# - ADDED ENTRY--UNCONTROLLED RELATED/ANALYTICAL TITLE
Uncontrolled related/analytical title Vertebrates.
906 ## - LOCAL DATA ELEMENT F, LDF (RLIN)
a 7
b cbc
c orignew
d 3
e opcn
f 19
g y-gencatlg
942 ## - ADDED ENTRY ELEMENTS (KOHA)
Source of classification or shelving scheme Dewey Decimal Classification
Koha item type Open Shelf
Holdings
Withdrawn status Lost status Source of classification or shelving scheme Damaged status Not for loan Home library Current library Date acquired Source of acquisition Inventory number Total Checkouts Full call number Barcode Date last seen Price effective from Koha item type
    Dewey Decimal Classification     MUST Main Library MUST Main Library 26/03/2018 Purchase 13/36941   596CHI 1993 2018-0211 26/03/2018 26/03/2018 Open Shelf
    Dewey Decimal Classification     MUST Main Library MUST Main Library 06/10/2021 Purchase 13/36940   596CHI 1993 2021-1419 06/10/2021 06/10/2021 Open Shelf